| 000 | 00585nam a2200205 a 4500 | ||
|---|---|---|---|
| 005 | 20240925064439.0 | ||
| 008 | 020114s1995 es r 000 0 spa d | ||
| 020 | _a8471188570 | ||
| 035 | _aUPN01000114550 | ||
| 049 | _aCG | ||
| 050 | 4 |
_aHQ755.8 _bC3.3 1995 |
|
| 100 | 1 |
_aCastillo Ceballos, Gerardo, _d1938- _938094 |
|
| 245 | 1 | 4 |
_aLos estudios y la familia / _cGerardo Castillo Ceballos. |
| 250 | _a3a ed. | ||
| 260 |
_aMadrid : _bPalabra, _c1995. |
||
| 300 | _a213 p. | ||
| 440 | 0 |
_aHacer familia ; _v9 _pSerie A : cómo educar |
|
| 650 | 4 |
_aPadres e hijos _91360 |
|
| 905 | _aLibro | ||
| 999 |
_c88457 _d88457 |
||